| 000 | 00822nam a2200253Ia 4500 | ||
|---|---|---|---|
| 008 | 160319s9999 xx 000 0 und d | ||
| 245 | _aMythology in literary culture / | ||
| 245 | _cDiscovery Channel School. | ||
| 260 | _aPhilippines: | ||
| 260 | _bDistributed by Magnavision Home Video/Discovery Communications, Inc., | ||
| 260 | _c2005 | ||
| 300 | _a1 VCD-video (approximately 50 min.) : | ||
| 300 | _bdigital, sound, color ; | ||
| 300 | _c4 3/4 in. | ||
| 440 | _aDiscovery Channel School. Literature. | ||
| 500 | _aLanguage in English. | ||
| 650 | _aLife sciences. | ||
| 650 | _aMicrobiology. | ||
| 650 | _aMythology in literature. | ||
| 650 | _aMythology, Classical, in literature. | ||
| 650 | _aMythology, Greek. | ||
| 700 | _aDiscovery School (Firm). | ||
| 700 | _aMagnavision Home Video. | ||
| 999 |
_c292410 _d292410 |
||